Ciències socials. Crèdit comú, 2on. cicle ESO
-д хадгалсан:
| Үндсэн зохиолчид: | , , , |
|---|---|
| Формат: | Ном |
| Хэл сонгох: | каталан |
| Хэвлэсэн: |
Barcelona
Barcanova
1995
|
| Нөхцлүүд: | |
| Шошгууд: |
Шошго нэмэх
Шошго байхгүй, Энэхүү баримтыг шошголох эхний хүн болох!
|
MARC
| LEADER | 00000nam a2200000 a 4500 | ||
|---|---|---|---|
| 001 | UCP8217 | ||
| 003 | CL-VaPUC | ||
| 008 | 000114e19950000SP |||||||||||||||||cat|d | ||
| 082 | 0 | 4 | |a 372.83 |b TRE |2 21 |
| 100 | 0 | |a Trepat Carbonell, Cristòfol-A |e author |9 438012 | |
| 700 | 0 | |a Freixenet, Dolors |e author |9 438013 | |
| 700 | 0 | |a Ribas, Isabel |e author |9 438014 | |
| 700 | 0 | |a Tatché, Eulàlia |e author |9 438015 | |
| 245 | 1 | 0 | |a Ciències socials. Crèdit comú, 2on. cicle ESO |
| 300 | |a v | ||
| 942 | |c BK | ||
| 945 | |d 20000114 00:00:00 |a crobeson | ||
| 260 | |a Barcelona |b Barcanova |c 1995 | ||
| 650 | 0 | |a Enseñanza de las ciencias sociales |9 337823 | |
| 650 | 0 | |a Enseñanza de la geografía |9 310005 | |
| 650 | 0 | |a Enseñanza de la historia |9 307330 | |
| 650 | 0 | |a Libros de texto |9 270019 | |
| 650 | 7 | |a MATERIAL Y EQUIPO DIDACTICOS |2 CL-VaPUC |9 309109 | |
| 583 | |a last modification |c 20000114 00:00:00 |k Rodrigo Vera | ||
| 999 | |c 285152 |d 285150 | ||
| 952 | |0 0 |1 0 |4 0 |6 372_830000000000000_TRE_1995 |7 0 |8 A |9 329540 |a BIBHIS |b BIBHIS |d 2019-11-20 |h v.8 |i 1390333 |o 372.83 TRE 1995 |p 1390333 |r 2025-01-20 |w 2019-11-20 |y BK |k HIS | ||